000
00272nam a22001097a 4500
008
170125b xxu||||| |||| 00| 0 eng d
020
_a
0397544553
041
_a
eng
080
_a
618.2
245
_a
THEORITICAL NURSING: DEVELOPMENT & PROGRESS
_c
MELEIS, A.I
942
_2
udc
_c
BK
999
_c
3617
_d
3617